| 000 | 00353nam a2200145Ia 4500 | ||
|---|---|---|---|
| 005 | 20251222152653.0 | ||
| 008 | 251222s9999||||xx |||||||||||||| ||spa|| | ||
| 020 | _a8439508255 | ||
| 082 | _a082.1/B63 | ||
| 100 | _aBliesener, Klaus | ||
| 245 | 0 | _aLas Aventuras de los Detectives del Faro | |
| 250 | _a1ra.ed. | ||
| 264 | _bEspasa-Calpe | ||
| 942 | _cLIB | ||
| 999 |
_c28520 _d28520 |
||